00919nam a2200181 a 450000100100000000500170001000800410002704000130006808200200008111000740010124500820017526000430025730000210030050001710032165000780049265000260057071101410059600000836220240527203310.0090916s1999 dr 000 0 spa d aDO-SdBNP a658.8701bD479d2 aRepública Dominicana.bUnión Nacional de Comerciantes Detallistas13aEl detallista del 2000 :bestrategia de desarrollo para el próximo milenio. aSanto Domingo, :bUNACOfBúhoc1999. a133 p. ;c21 cm. aProcede del 3er. Seminario "Desarrollo Gerencial del Comerciante Detallista Rumbo al Año 2005", celebrada 18 de abril 1998 en Santo Domingo, República Dominicana. 4aComercio minoristazRepública DominicanaxCongresos, conferencias, etc. 0aPolítica comercial 2 aSeminario "Desarrollo Gerencial del Comerciante Detallista Rumbo al Año 2005"n(3er. :d1998 :cSanto Domingo, República Dominicana)